000 00306nam a22001217a 4500
008 180605b xxu||||| |||| 00| 0 eng d
041 _aeng
080 _a043.3
100 _a0
101 _aSHKI-MA
245 _aSistemi E-Commerce ne ndermarrjet e vogla dhe te mesme ne Kosove
_cUkaj, M
942 _2udc
_cBK
999 _c46331
_d46331